00511 2200193 4500001002100000005001500021035002000036008004100056020002200097082001100119090001400130245003100144260004200175300002600217084001700243100002100260250001000281990002600291INLIS00000000000192920230126092242 a0010-0722001929230126 | | ind  a978-979-3483-69-6 a631.52 aAri i C,11 aTeknik perbanyakan tanaman ayogyakarta :bCitra Aji Parama,c2006 aiv,44hml,:ilus,;24 Cm a631.52 ARI t1 aAriyantoro, Hadi acet.1 ac.3(11141/STPP/pb/09)